[Event "Tourn. n10099"]
[Site "www.echecsemail.com"]
[Date "2019.07.29"]
[Round "1"]
[White "Lenyb"]
[Black "Pdebonis"]
[WhiteElo "2439"]
[BlackElo "2710"]
[Result "0-1"]
[Round "1"]
1.e4 c5
2.Ng1f3 d6
3.d4 cxd4
4.Nf3xd4 Ng8f6
5.Nb1c3 g6
6.Bc1e3 Bf8g7
7.f3 O-O
8.Qd1d2 Nb8c6
9.g4 Bc8e6
10.Nd4xe6 fxe6
11.O-O-O Nc6e5
12.Bf1e2 Qd8c8
13.Rh1e1 a6
14.Kb1 b5
15.h4 Qc8c6
16.a3 Qc6b7
17.h5 Ra8b8
18.hxg6 hxg6
19.Be3d4 Ne5c6
20.e5 Nf6h7
21.Qd2c1 b4
22.axb4 Qb7xb4
23.Nc3a2 Qb4a4
24.c3 a5
25.f4 Qa4b3
26.Rd1d3 Rf8xf4
27.exd6 Nc6xd4
28.cxd4 Qb3b7
29.dxe7 Rf4f7
30.Be2d1 Qb7xe7
31.Na2c3 Nh7f8
32.Qc1e3 Qe7h4
 { time }
0-1

[Event "Tourn. n10126"]
[Site "www.echecsemail.com"]
[Date "2019.07.29"]
[Round "1"]
[White "Hansen"]
[Black "Ditto"]
[WhiteElo "1720"]
[BlackElo "1830"]
[Result "1-0"]
[Round "1"]
1.e4 e5
2.Ng1f3 Nb8c6
3.a3 Bf8c5
4.Nb1c3 d6
5.h3 Bc8e6
6.b4 Bc5b6
7.Bf1b5 Ng8e7
8.d3 a6
9.Bb5a4 Ne7g6
10.g3 O-O
11.b5 Nc6b8
12.h4 Be6g4
13.Nc3d5 Bb6c5
14.bxa6 Ra8xa6
15.Ba4b3 c6
16.Nd5c3 Qd8f6
17.h5 Ng6e7
18.Rh1h4 Bg4xf3
19.Qd1d2 Bc5d4
20.Bc1b2 Nb8d7
21.Rh4h3 Bf3g4
22.Rh3h4 Bg4e6
23.f4 exf4
24.Rh4xf4 Qf6g5
25.Bb3xe6 fxe6
26.Rf4xf8 Nd7xf8
27.Qd2xg5 Bd4f6
28.Qg5g4 Ra6a5
29.h6 g6
30.e5 Ra5xe5
31.Nc3e2 Re5g5
32.Qg4h4 Bf6xb2
33.Ra1b1 Bb2f6
34.Qh4a4 Rg5h5
35.Rb1xb7 Rh5h1
36.Kd2 Rh1xh6
37.Qa4f4 Bf6g7
38.Rb7xe7 Kh8
39.Qf4xd6 g5
40.Qd6xc6 e5
41.Qc6c7 Bg7f6
42.Re7f7 Kg8
43.g4 Rh6h2
44.Rf7xf6 { resign }
1-0

[Event "Tourn. n10118"]
[Site "www.echecsemail.com"]
[Date "2019.07.29"]
[Round "1"]
[White "Cal"]
[Black "Pipas"]
[WhiteElo "1600"]
[BlackElo "1540"]
[Result "0-1"]
[Round "1"]
1.d4 d5
2.h3 Bc8f5
3.Nb1c3 Ng8f6
4.Ng1f3 Nb8c6
5.a3 Nf6e4
6.e3 Ne4xc3
7.bxc3 h6
8.Bf1b5 Qd8d7
9.Qd1e2 a6
10.Bb5a4 b5
11.Ba4b3 e6
12.O-O Bf8d6
13.Bc1b2 O-O
14.Ra1c1 a5
15.Nf3h4 a4
16.Bb3a2 Nc6a5
17.f4 Na5c4
18.Rc1b1 Bd6xa3
19.Bb2xa3 Nc4xa3
20.Rb1b2 Na3c4
21.Ba2xc4 dxc4
22.Rf1f3 c6
23.Rf3g3 Qd7e7
24.Qe2h5 Qe7f6
25.Nh4f3 Bf5g6
26.Qh5c5 Ra8a6
27.Nf3e5 Rf8d8
28.Ne5xc6 Qf6h4
29.Kh2 Ra6xc6
30.Qc5xb5 Bg6e4
31.Qb5xa4 g5
32.fxg5 hxg5
33.Qa4b5 Be4d5
34.Rb2a2 Rc6c8
35.e4 Qh4xe4
36.Rg3xg5 Kh7
37.Rg5g4 Qe4e2
38.Ra2a7 Rd8g8
39.Ra7xf7 Kh6
40.Rf7f6 Kh5
41.Rf6f7 Rg8xg4
42.Rf7h7 Kg6
43.Rh7g7 Kxg7
44.Qb5d7 Kh6
45.hxg4 Qe2xg2

0-1

[Event "Tourn. n10168"]
[Site "www.echecsemail.com"]
[Date "2019.07.29"]
[Round "1"]
[White "Argento"]
[Black "Bojan"]
[WhiteElo "2149"]
[BlackElo "2000"]
[Result "1-0"]
[Round "1"]
1.Ng1f3 g6
2.e4 Bf8g7
3.d4 d5
4.e5 a6
5.Bf1e2 Nb8c6
6.O-O Ng8h6
7.h3 Nh6f5
8.c3 f6
9.exf6 Bg7xf6
10.Bc1f4 Bc8d7
11.Nb1d2 h6
12.Qd1b3 e6
13.Qb3xb7 Ra8a7
14.Qb7b3 g5
15.Bf4h2 Rh8g8
16.Be2d3 Nf5d6
17.Ra1e1 Kf7
18.g4 a5
19.Nf3e5 Ke7
20.Ne5g6 Kf7
21.Qb3c2 Bd7e8
22.f4 Qd8c8
23.fxg5 hxg5
24.Bh2e5 Nd6e4
25.Nd2xe4 Nc6xe5
26.Ng6xe5 Ke7
27.Ne4xf6 Rg8f8
28.Nf6xd5 Kd6
29.Rf1xf8 Kxd5
30.Qc2b3 Kd6
31.Rf8xe8 Qc8xe8
32.Qb3a3 { resign }
1-0

[Event "Tourn. n10146"]
[Site "www.echecsemail.com"]
[Date "2019.07.30"]
[Round "1"]
[White "Scasan55"]
[Black "Odin"]
[WhiteElo "1970"]
[BlackElo "1800"]
[Result "1-0"]
[Round "1"]
1.e4 e6
2.d4 d5
3.e5 Nb8c6
4.c3 Ng8e7
5.Bc1g5 h6
6.Bg5h4 g5
7.Bh4g3 Ne7f5
8.Ng1e2 Bf8e7
9.Qd1d2 b6
10.b4 Bc8a6
11.a4 Ba6b7
12.f4 Qd8d7
13.Bg3f2 g4
14.h3 g3
15.Ne2xg3 Be7h4
16.Ng3xf5 Bh4xf2
17.Qd2xf2 O-O-O
18.a5 exf5
19.Bf1d3 Nc6b8
20.axb6 a6
21.bxc7 Kxc7
22.Qf2c2 Nb8c6
23.Nb1a3 Kb8
24.Bd3xf5 Qd7e7
25.b5 Nc6a5
26.bxa6 Bb7xa6
27.Ra1b1 Na5b7
28.Qc2a4 Qe7h4
29.Kd1 Qh4h5
30.g4 Qh5h4
31.Qa4xa6 Qh4e7
32.Na3b5 { resign }
1-0

[Event "Match"]
[Site "www.echecsemail.com"]
[Date "2019.07.30"]
[Round "1"]
[White "Guidom"]
[Black "Add"]
[WhiteElo "2040"]
[BlackElo "2050"]
[Result "1-0"]
[Round "1"]
1.e4 d5
2.exd5 Ng8f6
3.d4 Nf6xd5
4.c4 Nd5b4
5.Qd1a4 Nb8c6
6.d5 Bc8f5
7.Nb1a3 e5
8.dxc6 b5
9.cxb5 Qd8d4
10.Qa4b3 Bf5d3
11.Bc1e3 Qd4e4
12.Ng1f3 Bd3xf1
13.Kxf1 Bf8e7
14.Nf3d2 Qe4f5
15.g3 Qf5h3
16.Kg1 O-O
17.Na3c4 Qh3f5
18.a3 Nb4d3
19.h3 Be7g5
20.g4 Qf5g6
21.Be3xg5 Nd3xf2
22.Kxf2 Qg6xg5
23.Qb3e3 Qg5f6
24.Qe3f3 Qf6h4
25.Kg2 Ra8d8
26.Nd2e4 Qh4e7
27.Qf3f5 f6
28.Ra1d1 Qe7f7
29.b3 g6
30.Qf5f3 Qf7e6
31.Ne4c5 Qe6e7
32.b4 f5
33.Rd1xd8 Rf8xd8
34.Nc5d7 e4
35.Qf3c3 { resign }
1-0

[Event "Tourn. n10177"]
[Site "www.echecsemail.com"]
[Date "2019.07.30"]
[Round "1"]
[White "Churrasca"]
[Black "Bojan"]
[WhiteElo "1980"]
[BlackElo "1960"]
[Result "1-0"]
[Round "1"]
1.e4 e5
2.Ng1f3 d6
3.d4 Bc8g4
4.Bf1e2 Qd8f6
5.Bc1e3 h6
6.c3 Nb8d7
7.Qd1b3 b6
8.h3 exd4
9.cxd4 Bg4h5
10.O-O c5
11.Qb3d5 Ra8b8
12.Qd5xh5 Qf6e6
13.Nb1c3 g6
14.Qh5h4 Nd7f6
15.Be2b5 Nf6d7
16.d5 Qe6f6
17.Qh4xf6 { resign }
1-0

[Event "Tourn. n10118"]
[Site "www.echecsemail.com"]
[Date "2019.07.30"]
[Round "1"]
[White "Formargo"]
[Black "Cal"]
[WhiteElo "1560"]
[BlackElo "1670"]
[Result "0-1"]
[Round "1"]
1.e4 e5
2.f4 exf4
3.Ng1f3 d6
4.d4 Qd8e7
5.Nb1c3 a6
6.Bc1xf4 h6
7.Bf1d3 Ng8f6
8.O-O Bc8g4
9.h3 Bg4h5
10.g4 Bh5xg4
11.hxg4 g6
12.e5 dxe5
13.Nf3xe5 g5
14.Bf4g3 h5
15.Rf1e1 Kd8
 { time }
0-1

[Event "Tourn. n10178"]
[Site "www.echecsemail.com"]
[Date "2019.07.30"]
[Round "1"]
[White "Dussek"]
[Black "Malbertan"]
[WhiteElo "1940"]
[BlackElo "2060"]
[Result "0-1"]
[Round "1"]
1.e4 e5
2.Ng1f3 Nb8c6
3.Bf1c4 Ng8f6
4.d3 Bf8c5
5.O-O O-O
6.c3 d6
7.h3 Bc8e6
8.Bc4b3 Qd8d7
9.Bb3c2 Be6xh3
10.Nf3h2 Bh3g4
11.Nh2xg4 Qd7xg4
{ resign }
0-1

[Event "Tourn. n10176"]
[Site "www.echecsemail.com"]
[Date "2019.07.30"]
[Round "1"]
[White "Apdash"]
[Black "Bigrezi"]
[WhiteElo "2210"]
[BlackElo "2080"]
[Result "1-0"]
[Round "1"]
1.e4 c5
2.Ng1f3 d6
3.d4 cxd4
4.Nf3xd4 g6
5.Bf1c4 Bf8g7
6.O-O Ng8f6
7.Qd1e2 O-O
8.Bc1g5 h6
9.Bg5h4 Qd8b6
10.Nd4b3 Bc8g4
11.Qe2e1 Rf8c8
12.Nb1d2 g5
13.Bh4g3 Nf6h5
14.Kh1 Bg7xb2
15.Ra1b1 Bb2c3
16.Bc4e2 Nh5xg3
17.fxg3 Bg4e6
18.Rf1f3 Qb6b4
19.Qe1d1 Nb8d7
20.Nb3c1 Nd7e5
21.Rb1xb4 { resign }
1-0

[Event "Fast Game"]
[Site "www.echecsemail.com"]
[Date "2019.07.30"]
[Round "1"]
[White "Comrade"]
[Black "Tonino1"]
[WhiteElo "1979"]
[BlackElo "1840"]
[Result "1-0"]
[Round "1"]
1.e4 d6
2.Ng1f3 Ng8f6
3.Nb1c3 c6
4.d4 Qd8a5
5.Bc1d2 Qa5c7
6.Bf1e2 e5
7.dxe5 dxe5
8.O-O g6
9.Be2c4 Bf8g7
10.Nf3g5 O-O
11.f4 exf4
12.Bd2xf4 Qc7b6
13.Kh1 Qb6xb2
14.Bf4e5 Nf6xe4
15.Bc4xf7 Rf8xf7
16.Ng5xf7 Qb2b4
17.Qd1d8 Bg7f8
18.Nf7h6 
1-0

[Event "Tourn. n10156"]
[Site "www.echecsemail.com"]
[Date "2019.07.31"]
[Round "1"]
[White "Dougbeer"]
[Black "D4minance"]
[WhiteElo "2530"]
[BlackElo "2810"]
[Result "0-1"]
[Round "1"]
1.e4 c5
2.d4 cxd4
3.c3 dxc3
4.Nb1xc3 Nb8c6
5.Ng1f3 d6
6.Bf1c4 a6
7.O-O Ng8f6
8.Bc1f4 e6
9.Qd1e2 Bf8e7
10.Rf1d1 Qd8c7
11.Ra1c1 O-O
12.Bc4b3 Qc7b8
13.e5 Nf6h5
14.Bf4g5 dxe5
15.Bg5xe7 Nc6xe7
16.Nf3xe5 Nh5f6
17.Bb3c2 b5
18.g4 Nf6d5
19.g5 Nd5f4
20.Qe2e3 Ne7g6
21.Bc2xg6 Nf4xg6
22.Ne5c6 Qb8c7
23.Nc3e4 Bc8b7
24.Ne4f6 Kh8
25.Rd1d7 Qc7f4
26.Nf6xh7 Kxh7
27.Rd7xb7 Qf4g4
28.Qe3g3 Qg4f5
29.Rb7d7 Ra8c8
30.h3 f6
31.h4 e5
32.Rd7a7 fxg5
33.hxg5 Qf5e4
34.Qg3e3 Qe4g4
35.Qe3g3 Qg4h5
36.Qg3h2 Ng6h4
37.g6 Kh6
{ resign }
0-1

[Event "Tourn. n10163"]
[Site "www.echecsemail.com"]
[Date "2019.07.31"]
[Round "1"]
[White "Johnmcbride"]
[Black "Amaya"]
[WhiteElo "1880"]
[BlackElo "2070"]
[Result "1-0"]
[Round "1"]
1.e4 e6
2.d4 d5
3.e5 c5
4.c3 cxd4
5.cxd4 Bf8b4
6.Nb1c3 Ng8e7
7.Bc1g5 O-O
8.Bf1d3 Nb8d7
9.a3 Bb4xc3
10.bxc3 f6
11.exf6 Nd7xf6
12.Ng1f3 Nf6e4
13.Bd3xe4 dxe4
14.Nf3e5 Qd8c7
15.Qd1c2 Ne7d5
16.c4 Qc7a5
17.Bg5d2 Qa5d8
18.cxd5 Qd8xd5
19.Bd2e3 Bc8d7
20.O-O Ra8c8
21.Qc2d2 Bd7b5
22.Rf1c1 Qd5d6
23.a4 Bb5a6
24.h3 b6
25.a5 Rc8xc1
26.Ra1xc1 Qd6d5
27.axb6 axb6
28.Rc1c6 Ba6d3
29.Qd2c3 h6
30.Rc6xb6 Rf8a8
31.Qc3c7 Ra8a1
32.Kh2 Ra1a8
33.Qc7f7 Kh7
34.Rb6b7 { resign }
1-0

[Event "Tourn. n10144"]
[Site "www.echecsemail.com"]
[Date "2019.07.31"]
[Round "1"]
[White "Jerome"]
[Black "Ff333"]
[WhiteElo "2199"]
[BlackElo "2020"]
[Result "1-0"]
[Round "1"]
1.e4 e5
2.Ng1f3 Nb8c6
3.Bf1b5 d6
4.O-O Bc8d7
5.c3 a6
6.Bb5a4 b5
7.Ba4b3 h6
8.d4 Ng8f6
9.Rf1e1 Bf8e7
10.Nb1d2 a5
11.a4 b4
12.Nd2c4 Bd7g4
13.dxe5 Bg4xf3
14.Qd1xf3 Nc6xe5
15.Nc4xe5 dxe5
16.Qf3g3 Be7d6
17.Qg3xg7 Rh8h7
18.Qg7g3 Qd8e7
19.cxb4 Bd6xb4
20.Re1d1 Bb4d6
21.Bb3d5 Ra8c8
22.Qg3f3 Nf6xd5
23.Qf3f5 Nd5f6
24.Qf5xc8 Qe7d8
25.Qc8f5 Qd8e7
26.Bc1d2 Bd6b4
27.Bd2xb4 axb4
28.Qf5c8 { resign }
1-0

[Event "1/8 Finale"]
[Site "www.chess-mail.com"]
[Date "2019.07.31"]
[Round "1"]
[White "Maxiboi"]
[Black "Paulsyd"]
[WhiteElo "2870"]
[BlackElo "2720"]
[Result "1-0"]
[Round "1"]
1.d4 d5
2.c4 e6
3.Nb1c3 Ng8f6
4.cxd5 exd5
5.Bc1g5 c6
6.e3 Bf8e7
7.Bf1d3 O-O
8.Qd1c2 Nb8d7
9.Ng1f3 a6
10.g4 g6
11.Rh1g1 c5
12.h4 c4
13.Bd3e2 b5
14.a3 Bc8b7
15.Bg5f4 Nf6e4
16.g5 Be7d6
17.Bf4xd6 Ne4xd6
18.h5 Rf8e8
19.Nf3h4 Kg7
20.Be2f3 Nd7b6
21.Nc3e2 Nd6e4
22.Ne2f4 Ra8c8
23.hxg6 hxg6
24.Bf3h5 Rc8c6
25.f3 c3
26.b3  { time }
1-0

[Event "1/128 Finale"]
[Site "www.chess-mail.com"]
[Date "2019.07.31"]
[Round "1"]
[White "Cal"]
[Black "Bojan"]
[WhiteElo "1670"]
[BlackElo "2010"]
[Result "0-1"]
[Round "1"]
1.c4 e5
2.a3 Ng8f6
3.d3 h6
4.Nb1c3 c6
5.e4 Bf8c5
6.h3 Nf6h7
7.Bc1e3 Qd8e7
8.Ng1f3 Bc5xe3
9.fxe3 Nh7g5
10.Bf1e2 d6
11.O-O Qe7f6
12.Nf3h4 Qf6e7
13.b4 Nb8d7
14.Be2g4 Nd7f6
15.Bg4xc8 Ra8xc8
16.Nh4f5 Qe7f8
17.a4 a6
18.Qd1b3 g6
19.Nf5h4 Nf6h5
20.Nh4xg6 Qf8g8
21.Ng6h4 Ng5xh3
22.Kh1 Nh5g3
23.Kh2 Ng3xf1
24.Kh1 Nf1xe3
25.Qb3b2 Nh3f4
26.Ra1g1 Qg8g4
27.g3 Nf4xd3
28.Qb2d2 Qg4h3
29.Qd2h2 Qh3xh2
30.Kxh2 Nd3xb4
31.Nh4f3 Ne3xc4
32.Nf3h4 Kd7
33.Nh4f5 Rc8g8
34.Kh3 Ke6
35.g4 Rg8g6
36.Nf5h4 Rg6g7
37.Nh4f5 Rg7g5
38.Kh4 Nc4d2
39.Rg1g3 d5
40.exd5 Nb4xd5
41.Nc3xd5 cxd5
42.Nf5xh6 Rg5g6
43.g5 f6
44.Kh3 Rg6xg5
45.Rg3xg5 Rh8xh6
46.Kg4 fxg5
47.Kxg5 Rh6f6
48.a5 Nd2e4
{ resign }
0-1

[Event "Match"]
[Site "www.echecsemail.com"]
[Date "2019.08.01"]
[Round "1"]
[White "Jjmcbride"]
[Black "Zubarev"]
[WhiteElo "1670"]
[BlackElo "1739"]
[Result "0-1"]
[Round "1"]
1.e4 e5
2.Ng1f3 Nb8c6
3.a3 d6
4.h3 Ng8f6
5.d4 Bc8d7
6.d5 Nc6e7
7.Bf1d3 Ne7g6
8.c4 Bf8e7
 { time }
0-1

[Event "Tourn. n10176"]
[Site "www.echecsemail.com"]
[Date "2019.08.01"]
[Round "1"]
[White "Bigrezi"]
[Black "Bojan"]
[WhiteElo "2080"]
[BlackElo "2010"]
[Result "1-0"]
[Round "1"]
1.e4 e5
2.Ng1f3 d6
3.d4 exd4
4.Nf3xd4 g6
5.Nb1c3 Bf8g7
6.Bf1c4 Bc8d7
7.O-O Qd8f6
8.Nd4f3 h6
9.e5 dxe5
10.Nf3xe5 Bd7f5
11.Ne5xf7 Nb8c6
12.Nf7xh8 Ng8e7
13.Nh8f7 Nc6a5
14.Nc3d5 Qf6c6
15.Rf1e1 Bg7f6
16.Nf7e5 Qc6d6
17.Nd5xf6 Qd6xf6
18.Bc4f7 Kf8
19.Bc1xh6 { resign }
1-0

[Event "Match"]
[Site "www.echecsemail.com"]
[Date "2019.08.01"]
[Round "1"]
[White "Zubarev"]
[Black "Bojan"]
[WhiteElo "1739"]
[BlackElo "1950"]
[Result "0-1"]
[Round "1"]
1.e4 e5
2.Ng1f3 d6
3.Bf1c4 h6
4.O-O Nb8c6
5.d4 Nc6a5
6.Bc4e2 b6
7.dxe5 Bc8b7
8.exd6 Bf8xd6
9.Nb1c3 a6
10.a3 Qd8e7
11.Rf1e1 O-O-O
12.Be2d3 f6
13.Nc3d5 Qe7e6
14.c4 Ng8e7
15.Bc1d2 Na5c6
16.b4 Nc6e5
17.Nf3xe5 Bd6xe5
18.Ra1b1 Kb8
19.Bd3e2 h5
20.Qd1c1 Ka7
21.Nd5xc7 Be5xc7
22.f3 g5
23.c5 b5
24.Bd2e3 Bb7c6
25.a4 Kb7
26.Re1d1 Qe6e5
27.h3 Ne7g6
28.axb5 axb5
29.Rb1a1 Qe5h2
30.Kf1 Ng6f4
31.Be3xf4 Bc7xf4
32.Qc1c2 Bf4g3
33.Be2d3 Qh2h1
34.Ke2 Qh1xg2
{ resign }
0-1

[Event "Match"]
[Site "www.echecsemail.com"]
[Date "2019.08.01"]
[Round "1"]
[White "Virgil08bv"]
[Black "Apdash"]
[WhiteElo "2660"]
[BlackElo "2220"]
[Result "1-0"]
[Round "1"]
1.e4 c5
2.Ng1f3 d6
3.d4 cxd4
4.Nf3xd4 Nb8c6
5.c4 Ng8f6
6.Nb1c3 g6
7.Bf1e2 Bf8g7
8.Bc1e3 Qd8a5
9.Nd4b3 Qa5d8
10.O-O O-O
11.f3 Nc6a5
12.e5 Na5xb3
13.exf6 Nb3xa1
14.fxg7 Kxg7
15.Qd1xa1 f5
16.Qa1c1 Kg8
17.Qc1d2 Qd8a5
18.Rf1e1 Bc8e6
19.Be2f1 Rf8c8
20.Be3g5 Be6xc4
21.Bg5xe7 d5
22.b4 Qa5b6
23.Be7c5 Qb6a6
24.Nc3xd5 Qa6xa2
25.Nd5e7 Kf7
26.Bf1xc4 Qa2xc4
27.Ne7xc8 { resign }
1-0

[Event "Match"]
[Site "www.echecsemail.com"]
[Date "2019.08.01"]
[Round "1"]
[White "Ditto"]
[Black "Guidom"]
[WhiteElo "1880"]
[BlackElo "2090"]
[Result "0-1"]
[Round "1"]
1.d4 d5
2.Ng1f3 c6
3.Bc1f4 Bc8f5
4.e3 e6
5.c4 Qd8b6
6.cxd5 Qb6xb2
7.Nb1d2 exd5
8.Bf1e2 Ng8f6
9.O-O Bf8b4
10.Nd2b3 Nb8d7
11.Nf3g5 Qb2a3
12.Be2h5 Nf6xh5
13.Qd1xh5 Bf5g6
14.Qh5f3 O-O
15.Qf3h3 Nd7f6
16.Bf4e5 Bb4e7
17.Be5xf6 Be7xf6
18.Ng5f3 Qa3d6
19.Nb3c5 b6
20.Nc5b3 Ra8c8
21.Ra1c1 a5
22.Nf3d2 Rf8e8
23.Nd2f3 a4
24.Nb3d2 b5
25.Rc1c5 Bg6d3
26.Rf1c1 h6
27.Nf3e1 Bd3c4
28.Nd2xc4 dxc4
29.Qh3f3 Re8e6
30.Qf3d1 Rc8d8
31.Qd1g4 Bf6e7
32.Rc5h5 Re6g6
33.Qg4e2 Rd8e8
34.Rc1d1 Qd6a3
35.Ne1f3 c3
36.Qe2c2 Qa3b2
37.Qc2xb2 cxb2
38.Nf3d2 a3
39.Nd2b3 Be7g5
40.Nb3d2 Rg6d6
41.Rh5h3 c5
42.Nd2b3 c4
43.Nb3d2 c3
44.Nd2b3 c2
45.Rd1e1 b1Q
{ resign }
0-1

[Event "Tourn. n10066"]
[Site "www.echecsemail.com"]
[Date "2019.08.01"]
[Round "1"]
[White "Numanoid"]
[Black "Szustan"]
[WhiteElo "2720"]
[BlackElo "2540"]
[Result "1/2-1/2"]
[Round "1"]
1.b4 e5
2.Bc1b2 Bf8xb4
3.Bb2xe5 Ng8f6
4.e3 O-O
5.Ng1f3 d5
6.c4 c5
7.cxd5 Nf6xd5
8.Bf1e2 Nb8c6
9.Be5b2 Bc8f5
10.O-O Rf8e8
11.Nb1a3 Nd5b6
12.Ra1c1 Ra8c8
13.Na3c4 Bf5d3
14.Nc4xb6 axb6
15.a3 Bb4a5
16.Be2xd3 Qd8xd3
17.Qd1c2 Rc8d8
18.Rf1d1 f6
19.Bb2c3 Ba5xc3
20.Qc2xc3 Re8e6
21.Nf3e1 Qd3xc3
22.Rc1xc3 Re6d6
23.d3 g5
24.Kf1 Kf7
25.Rd1b1 Nc6e5
26.Ke2 Kg6
27.h3 h5
28.g3 Rd8e8
29.Rb1b2 f5
30.Rc3b3 Ne5d7
31.Ne1g2 Re8a8
32.h4 g4
33.Ng2f4 Kh6
34.d4 cxd4
35.Rb3d3 Nd7c5
36.Rd3xd4 Rd6c6
37.Nf4d5 Nc5e4
38.Nd5e7 Rc6e6
39.Rd4d7 Ra8xa3
40.Ne7xf5 Kg6
41.Nf5e7 Kh6
42.Kf1 Ne4c5
43.Rd7c7 Ra3d3
44.Ke2 Rd3d8
45.Rb2b5 Rd8a8
46.Kf1 Ra8a2
47.Ne7f5 Kg6
48.Nf5d4 Re6d6
49.Nd4e2 Kf5
50.Ne2f4 Ra2a1
51.Kg2 Rd6d1
52.Nf4e2 Rd1d2
{ draw }
1/2-1/2

[Event "Tourn. n10088"]
[Site "www.echecsemail.com"]
[Date "2019.08.01"]
[Round "1"]
[White "Numanoid"]
[Black "Seger"]
[WhiteElo "2750"]
[BlackElo "2780"]
[Result "1/2-1/2"]
[Round "1"]
1.d4 d5
2.c4 e6
3.Nb1c3 dxc4
4.e4 c5
5.d5 exd5
6.Nc3xd5 Ng8f6
7.Bf1xc4 Bc8e6
8.Ng1f3 Be6xd5
9.exd5 Bf8d6
10.Qd1e2 Qd8e7
11.Qe2xe7 Kxe7
12.O-O Nb8d7
13.Rf1e1 Kd8
14.Bc1d2 Rh8e8
15.g3 h6
16.Re1d1 Nf6e4
17.Ra1c1 g5
18.Kg2 f5
19.Bd2e1 a5
20.Nf3d2 Kc7
21.Bc4b5 Ne4xd2
22.Be1xd2 a4
23.a3 Re8e4
24.Bd2c3 Re4e7
25.Rd1e1 Nd7e5
26.Bb5e2 f4
27.Rc1d1 f3
28.Be2xf3 Ne5xf3
29.Re1xe7 Bd6xe7
30.Kxf3 Ra8f8
31.Ke3 Be7d6
32.Rd1d2 b5
33.Ke4 Kd7
34.Bc3g7 Rf8g8
35.Bg7f6 Rg8f8
36.Bf6g7 Rf8g8
37.Bg7f6 { draw }
1/2-1/2

[Event "Tourn. n10169"]
[Site "www.echecsemail.com"]
[Date "2019.08.01"]
[Round "1"]
[White "Passaroa25"]
[Black "Galiany17"]
[WhiteElo "1700"]
[BlackElo "1799"]
[Result "0-1"]
[Round "1"]
1.Nb1c3 d5
2.d4 Ng8f6
3.f3 c5
4.Bc1f4 cxd4
5.Qd1xd4 Nb8c6
6.Qd4a4 Bc8d7
7.Qa4a3 e5
8.Bf4d2 Bf8xa3
9.bxa3 O-O
10.Nc3b5 Bd7f5
11.c3 a6
12.g4 Bf5g6
13.Bf1g2 axb5
14.Ng1h3 Rf8e8
15.Bd2c1 e4
16.Bc1b2 exf3
17.Bg2xf3 Bg6e4
18.O-O Be4xf3
19.exf3 Nc6e5
20.Ra1b1 Ne5d3
21.g5 Qd8b6
22.Kg2 Re8e2
23.Nh3f2 Re2xb2
24.Rb1xb2 Nd3xb2
25.Nf2d1 Nb2xd1
26.Rf1xd1 Nf6h5
27.Rd1xd5 Nh5f4
{ resign }
0-1

[Event "Tourn. n10159"]
[Site "www.echecsemail.com"]
[Date "2019.08.01"]
[Round "1"]
[White "Aperturaf"]
[Black "Reignblowcan"]
[WhiteElo "2710"]
[BlackElo "2640"]
[Result "1-0"]
[Round "1"]
1.e4 c6
2.d4 d5
3.e5 Bc8f5
4.Bf1e2 e6
5.c3 Nb8d7
6.Ng1f3 Bf8e7
7.O-O h5
8.Nb1a3 Ng8h6
9.Na3c2 g5
10.a4 g4
11.Nf3e1 f6
12.f4 Qd8c7
13.Nc2e3 Bf5e4
14.Be2d3 f5
15.Ne1c2 O-O-O
16.b4 Kb8
17.Qd1e2 Be4xd3
18.Qe2xd3 Nh6g8
19.c4 dxc4
20.Qd3xc4 Rh8h6
21.a5 a6
22.Qc4b3 h4
23.d5 cxd5
24.Nc2d4 Ka8
25.Bc1b2 Qc7b8
26.Ra1c1 g3
27.h3 { resign }
1-0

[Event "Match"]
[Site "www.echecsemail.com"]
[Date "2019.08.01"]
[Round "1"]
[White "Kipik"]
[Black "Apdash"]
[WhiteElo "2280"]
[BlackElo "2190"]
[Result "1-0"]
[Round "1"]
1.e4 c5
2.Ng1f3 d6
3.d4 cxd4
4.Nf3xd4 Nb8c6
5.c4 Bc8d7
6.Bc1e3 Ng8f6
7.f3 g6
8.Qd1d2 Nc6xd4
9.Be3xd4 Bf8g7
10.Bf1e2 O-O
11.Nb1c3 a6
12.g4 e5
13.Bd4e3 Bd7e6
14.O-O-O Ra8c8
15.Qd2xd6 Qd8xd6
16.Rd1xd6 Rf8d8
17.Rd6xd8 Rc8xd8
18.Nc3d5 Nf6xd5
19.exd5 Be6d7
20.c5 f5
21.gxf5 gxf5
22.Rh1d1 f4
23.Be3f2 Bd7f5
24.Bf2h4 Rd8c8
25.b4 e4
26.fxe4 Bf5xe4
27.Be2c4 Kf8
28.d6 Be4f5
29.d7 Bf5xd7
30.Rd1xd7 Bg7c3
31.a3 b5
32.Bc4d5 a5
33.bxa5 Rc8xc5
34.Bh4e7 Ke8
35.Be7xc5 Kxd7
36.a6 b4
37.a7 bxa3
38.a8Q { resign }
1-0

[Event "1/128 Finale"]
[Site "www.chess-mail.com"]
[Date "2019.08.01"]
[Round "1"]
[White "Cal"]
[Black "Osopanda"]
[WhiteElo "1600"]
[BlackElo "1500"]
[Result "1-0"]
[Round "1"]
1.c4 Ng8f6
2.Nb1c3 g6
3.e4 d6
4.d4 Bf8g7
5.h3 O-O
6.Ng1f3 Nb8d7
7.Bf1e2 e5
8.d5 Nd7c5
9.b4 Nc5d7
10.Bc1g5 h6
11.Bg5xf6 Nd7xf6
12.c5 Kh7
13.O-O Bc8d7
14.Nf3h2 Nf6g8
15.b5 f5
16.exf5 gxf5
17.f3 Qd8g5
18.c6 bxc6
19.dxc6 Bd7e6
20.Qd1d3 e4
21.fxe4 Bg7e5
22.Ra1c1 fxe4
23.Nc3xe4 Qg5g7
24.Ne4f6 Kh8
25.Nf6h5 Qg7g5
26.Rc1d1 Ng8f6
27.Nh5xf6 Rf8xf6
28.Rf1xf6 Ra8e8
29.Rf6f1 Re8g8
30.Be2f3 Be5xh2
31.Kxh2 Qg5g3
32.Kh1 Be6xh3
33.Qd3d4 Rg8g7
34.Rf1g1 Bh3g4
35.Rg1f1 Bg4xf3
36.Rd1d2 Qg3h3
37.Kg1 Bf3xg2
38.Rf1f8 Kh7
39.Kf2 Qh3f3
40.Rf8xf3 { resign }
1-0

[Event "Tourn. n10160"]
[Site "www.echecsemail.com"]
[Date "2019.08.02"]
[Round "1"]
[White "Bojan"]
[Black "Bevittsmith"]
[WhiteElo "2050"]
[BlackElo "2270"]
[Result "1-0"]
[Round "1"]
1.e4 c5
2.Nb1c3 Nb8c6
3.Ng1f3 d6
4.Bf1c4 Ng8f6
5.a3 e6
6.d4 cxd4
7.Nf3xd4 Bc8d7
8.Nd4xc6 Bd7xc6
9.f3 Bf8e7
10.Bc1e3 O-O
11.Qd1e2 a6
12.Ra1d1 Qd8c7
13.Bc4d3 Nf6d7
14.Qe2f2 b5
15.Qf2g3 Nd7e5
16.Bd3e2 Rf8d8
17.f4 Ne5g6
18.O-O d5
19.exd5 exd5
20.Qg3f2 Be7f6
21.Be3b6 Qc7b7
22.Bb6xd8 Ra8xd8
23.Nc3a2 Bf6xb2
24.Rd1d3 Bb2f6
25.Na2b4 d4
26.Qf2g3 Bc6e4
27.Rd3d2 Ng6e7
28.Be2f3 Ne7f5
29.Bf3xe4 Qb7xe4
30.Qg3h3 a5
31.Nb4d3 Rd8c8
32.Rf1e1 Qe4b7
33.Qh3xf5 { resign }
1-0

[Event "Tourn. n10183"]
[Site "www.echecsemail.com"]
[Date "2019.08.02"]
[Round "1"]
[White "Conde7"]
[Black "Galiany17"]
[WhiteElo "2870"]
[BlackElo "2350"]
[Result "1-0"]
[Round "1"]
1.e4 e5
2.Ng1f3 Nb8c6
3.d4 exd4
4.Nf3xd4 Ng8f6
5.Nd4xc6 bxc6
6.e5 Qd8e7
7.Qd1e2 Nf6d5
8.c4 Bc8a6
9.Nb1d2 O-O-O
10.b3 f6
11.Qe2e4 Nd5b4
12.Bc1b2 d5
13.Qe4f5 Qe7d7
14.Qf5xd7 Rd8xd7
15.O-O-O Nb4xa2
16.Kb1 Na2b4
17.exf6 Rd7f7
18.Nd2f3 gxf6
19.Nf3g5 Rf7d7
20.g3 Rh8g8
21.Ng5e6 dxc4
22.Rd1xd7 Kxd7
23.Bf1h3 Bf8d6
24.Rh1e1 Kc8
25.Ne6c5 Kb8
26.Nc5xa6 Nb4xa6
27.bxc4 Rg8f8
28.Bh3f5 Bd6b4
29.Re1e2 h6
30.Bb2c1 Bb4c5
31.Bc1xh6 Rf8h8
32.Bh6g7 Rh8xh2
33.Bg7xf6 Rh2xf2
34.Re2xf2 Bc5xf2
35.g4 Kb7
36.g5 Bf2h4
37.Bf6e7 Bh4xg5
38.Be7xg5 Kb6
39.Kb2 Na6b4
40.Bg5d2 c5
41.Bd2xb4 cxb4
42.Kb3 c5
43.Kc2 Kc7
44.Bf5g4 Kd6
45.Kd3 Ke5
46.Ke3 b3
47.Kd3 b2
48.Kc2 Kd4
49.Bg4e6 { resign }
1-0

[Event "Match"]
[Site "www.echecsemail.com"]
[Date "2019.08.02"]
[Round "1"]
[White "Add"]
[Black "Tbsundar"]
[WhiteElo "2060"]
[BlackElo "2170"]
[Result "0-1"]
[Round "1"]
1.e4 e5
2.Ng1f3 Nb8c6
3.Bf1c4 Ng8f6
4.Nb1c3 Bf8c5
5.Bc4xf7 Kxf7
6.Nf3xe5 Nc6xe5
7.d4 Bc5b4
8.dxe5 Rh8e8
9.exf6 Qd8xf6
10.O-O Bb4xc3
11.bxc3 Re8xe4
12.Qd1d3 Qf6e6
13.Bc1b2 d5
14.Qd3g3 Bc8d7
15.c4 d4
16.f3 Re4e2
17.Bb2xd4 Qe6g6
18.Qg3f4 Kg8
19.Rf1f2 Re2xf2
20.Bd4xf2 Bd7c6
21.Bf2g3 Qg6xc2
22.Qf4d4 Ra8e8
23.Bg3e5 Qc2g6
24.Kh1 Re8f8
25.Be5xc7 Rf8xf3
26.Bc7g3 Rf3d3
27.Qd4xa7 h5
28.Qa7b8 Kh7
29.Qb8f4 Rd3a3
30.h4 Ra3xg3
{ resign }
0-1

[Event "Tourn. n10146"]
[Site "www.echecsemail.com"]
[Date "2019.08.02"]
[Round "1"]
[White "Picifarkinca"]
[Black "Fabos12"]
[WhiteElo "1830"]
[BlackElo "1830"]
[Result "0-1"]
[Round "1"]
1.b3 e5
2.Bc1b2 Nb8c6
3.g3 b6
4.Bf1g2 f6
5.c4 Bc8b7
6.Nb1c3 Ng8e7
7.e3 f5
8.Ng1e2 g6
9.Nc3d5 Bf8g7
10.d4 e4
11.Ne2c3 Ne7xd5
12.Nc3xd5 Nc6a5
13.Nd5c3 d5
14.cxd5 Bb7xd5
15.Nc3xd5 Qd8xd5
16.Ra1c1 O-O
17.Rc1xc7 Rf8c8
18.Qd1c1 Qd5d8
19.Rc7xc8 Ra8xc8
20.Qc1d2 Qd8c7
21.O-O Qc7c2
22.Qd2c1 Bg7f8
23.Rf1e1 Bf8b4
{ resign }
0-1

[Event "Tourn. n10163"]
[Site "www.echecsemail.com"]
[Date "2019.08.02"]
[Round "1"]
[White "Johnmcbride"]
[Black "Malbertan"]
[WhiteElo "1880"]
[BlackElo "2040"]
[Result "1/2-1/2"]
[Round "1"]
1.e4 Nb8c6
2.d4 Ng8f6
3.e5 Nf6g8
4.Ng1f3 d5
5.h3 Bc8f5
6.c3 e6
7.Bf1d3 Bf5xd3
8.Qd1xd3 Bf8e7
9.O-O f6
10.Bc1f4 fxe5
11.Nf3xe5 Nc6xe5
12.Bf4xe5 Be7f6
13.Qd3e3 Qd8d7
14.Nb1d2 Bf6xe5
15.Qe3xe5 Ng8f6
16.Rf1e1 Kf7
17.b4 Rh8e8
18.a4 Qd7d6
19.Qe5xd6 cxd6
20.a5 Nf6d7
21.Re1e3 e5
22.Re3f3 Kg8
23.dxe5 dxe5
24.Ra1c1 e4
25.Rf3f5 Nd7e5
26.c4 Ne5d3
27.Rc1b1 dxc4
28.Nd2xc4 Re8f8
29.Nc4e3 Rf8xf5
30.Ne3xf5 Ra8f8
31.Nf5g3 Nd3xf2
32.Rb1f1 e3
33.Ng3e2 Nf2d3
34.b5 Nd3e5
35.Rf1xf8 Kxf8
36.g4 Ne5c4
37.a6 b6
38.Kg2 Nc4d6
39.Ne2c3 Kf7
40.Kf3 Nd6c4
41.Ke2 Ke6
42.Kd3 { draw }
1/2-1/2